000
00338nam a2200169Ia 4500
100
_a
Cole/Alaric/ Robinson/E
650
_a
Flex
942
_c
BK
366
_f
25
654
_a
flex
245
_a
Learning Flex 4
260
_b
Oreilly
_c
2011
082
_a
4.65
_b
COL
300
_a
455
546
_a
ENGLISH
_c
PAMPHALETS
999
_c
22396
_d
22396